Моделирование спектральных характеристик источников терагерцового излучения на основе последовательностей электронных сгустков; Перспективы развития фундаментальных наук; Т. 1 : Физика

Бібліографічні деталі
Parent link:Перспективы развития фундаментальных наук=Prospects of Fundamental Sciences Development: сборник научных трудов XVII Международной конференции студентов, аспирантов и молодых ученых, г. Томск, 21-24 апреля 2020 г./ Национальный исследовательский Томский политехнический университет (ТПУ) ; под ред. И. А. Курзиной, Г. А. Вороновой.— , 2020
Т. 1 : Физика.— 2020.— [С. 206-208]
Автор: Токтаганова М. М.
Співавтор: Национальный исследовательский Томский политехнический университет Исследовательская школа физики высокоэнергетических процессов
Інші автори: Дышеков А. А. (научный руководитель), Шкитов Д. А. Дмитрий Андреевич
Резюме:Заглавие с экрана
In the present work, we simulated the spectral characteristics of real terahertz radiation sources based on the transition radiation mechanism using the application we developed. The analysis of the parameters affecting the spectrum is carried out and recommendations are given for creating a source of high-intensity monochromatic radiation of the terahertz spectral range.
Мова:Російська
Опубліковано: 2020
Предмети:
Онлайн доступ:http://earchive.tpu.ru/handle/11683/62563
Формат: Електронний ресурс Частина з книги
KOHA link:https://koha.lib.tpu.ru/cgi-bin/koha/opac-detail.pl?biblionumber=631537

MARC

LEADER 00000naa2a2200000 4500
001 631537
005 20231101133651.0
035 |a (RuTPU)RU\TPU\conf\33238 
035 |a RU\TPU\conf\33236 
090 |a 631537 
100 |a 20200908d2020 k y0rusy50 ca 
101 0 |a rus  |d eng 
102 |a RU 
105 |a y z 100zy 
135 |a drcn ---uucaa 
181 0 |a i  
182 0 |a b 
200 1 |a Моделирование спектральных характеристик источников терагерцового излучения на основе последовательностей электронных сгустков  |d Spectral characteristics simulation of terahertz radiation sources based on electron bunch trains  |f М. М. Токтаганова, А. А. Дышеков  |g науч. рук. Д. А. Шкитов 
203 |a Текст  |c электронный 
230 |a 1 компьютерный файл (pdf; 503 Kb) 
300 |a Заглавие с экрана 
320 |a [Библиогр.: с. 208 (6 назв.)] 
330 |a In the present work, we simulated the spectral characteristics of real terahertz radiation sources based on the transition radiation mechanism using the application we developed. The analysis of the parameters affecting the spectrum is carried out and recommendations are given for creating a source of high-intensity monochromatic radiation of the terahertz spectral range. 
461 1 |0 (RuTPU)RU\TPU\conf\32968  |t Перспективы развития фундаментальных наук  |l Prospects of Fundamental Sciences Development  |o сборник научных трудов XVII Международной конференции студентов, аспирантов и молодых ученых, г. Томск, 21-24 апреля 2020 г.  |o в 7 т.  |f Национальный исследовательский Томский политехнический университет (ТПУ) ; под ред. И. А. Курзиной, Г. А. Вороновой  |d 2020 
463 1 |0 (RuTPU)RU\TPU\conf\32969  |t Т. 1 : Физика  |v [С. 206-208]  |d 2020 
510 1 |a Spectral characteristics simulation of terahertz radiation sources based on electron bunch trains  |z eng 
610 1 |a электронный ресурс 
610 1 |a труды учёных ТПУ 
610 1 |a моделирование 
610 1 |a спектральные характеристики 
610 1 |a источники излучения 
610 1 |a электронные сгустки 
610 1 |a терагерцовое излучение 
610 1 |a переходное излучение 
610 1 |a последовательности 
700 1 |a Токтаганова  |b М. М. 
701 1 |a Дышеков  |b А. А. 
702 1 |a Шкитов  |b Д. А.  |c физик  |c инженер-проектировщик Томского политехнического университета  |f 1985-  |g Дмитрий Андреевич  |2 stltpush  |4 727 
712 0 2 |a Национальный исследовательский Томский политехнический университет  |b Исследовательская школа физики высокоэнергетических процессов  |c (2017- )  |h 8118  |2 stltpush  |3 (RuTPU)RU\TPU\col\23551 
801 2 |a RU  |b 63413507  |c 20200923  |g RCR 
856 4 |u http://earchive.tpu.ru/handle/11683/62563 
942 |c BK